000 01409nam a22002297a 4500
005 20250220150155.0
008 s2545 th tha d
020 _a9744490454
040 _aNALT
041 _atha
100 0 _aบรรเจิด สิงคะเนติ, บรรณาธิการ
245 1 0 _aเอกสารเพื่อประกอบการพิจารณากฎหมายของสมาชิกรัฐสภา เล่มที่ 6 เรื่อง พระราชบัญญัติประชาพิจารณ์ : กรณีศึกษาการรับฟังความคิดเห็นของประชาชน (Equete publique) ตามกฎหมายของประเทศฝรั่งเศส
260 3 _aนนทบุรี :
_bสถาบันพระปกเกล้า,
_c2545
300 _a83 หน้า ;
_b 21 ซม.
650 0 4 _aการรับฟังความคิดเห็นของประชาชน
650 0 4 _aประชาพิจารณ์ -- กฎหมายและระเบียบข้อบังคับ
700 0 _aบรรเจิด สิงคะเนติ
850 _aNALT
942 _cLB
_08
_2lcc
999 _c19355
_d19355
998 _j111
_k นางสาวพจพิณ พรมเอี่ยม
090 _aKE76 บ153อ 2545